| 000 | 00357nam a2200121Ia 4500 | ||
|---|---|---|---|
| 005 | 20251222154312.0 | ||
| 008 | 251222s9999||||xx |||||||||||||| ||spa|| | ||
| 020 | _a978-84-291-1003-6 | ||
| 082 | _a660.65/B44 | ||
| 100 | _a"Benítez Burraco, Antonio" | ||
| 245 | 0 | _aAvances recientes en biotecnología vegetal e ingeniería genética de plantas | |
| 942 | _cLIB | ||
| 999 |
_c33438 _d33438 |
||